Statistics for Top 10 Asian Countries With Most Immigration

Click here to take the quiz!

General Stats

  • This quiz has been taken 1,472 times
  • The average score is 7 of 10

Answer Stats

PopulationCountry% Correct
5,241,000 India
95%
10,186,000 Saudi Arabia
88%
8,095,000 United Arab Emirates
84%
3,629,000 Pakistan
83%
2,726,000 Iran
79%
3,913,000 Thailand
78%
2,965,000 Turkey
78%
2,866,000 Kuwait
58%
3,547,000 Kazakhstan
54%
3,112,000 Jordan
52%

Score Distribution

Percentile by Number Answered

Percent of People with Each Score

Your Score History

You have not taken this quiz